Take the Long Way Home (Maze) II Quiz Stats

 Plays Quiz Updated Dec 10, 2020

     
Support Sporcle.
Go Orange.
Score 0/63 Timer 09:00
0 Plays Today
% Correct
???
62%
???
60.5%
???
57.6%
???
47.5%
???
44.3%
???
38.1%
???
35.3%
???
35.1%
???
34.5%
???
34.2%
???
33.9%
???
33.7%
???
33.5%
???
33.3%
???
33.2%
???
32.9%
???
32.7%
???
32.6%
???
32.3%
???
32.3%
???
32%
???
32%
???
31.9%
???
31.8%
???
31.8%
???
31.7%
???
31.5%
???
31.5%
???
31.4%
???
31.3%
???
31.2%
???
31.2%
% Correct
???
31.1%
???
31.1%
???
31%
???
30.9%
???
30.8%
???
30.8%
???
30.7%
???
30.7%
???
30.7%
???
30.6%
???
30.6%
???
30.6%
???
30.3%
???
30.1%
???
30.1%
???
30%
???
29.9%
???
29.9%
???
29.8%
???
29.6%
???
29.4%
???
29.3%
???
29.3%
???
28.9%
???
28.7%
???
28.1%
???
27.8%
???
27.8%
???
27.6%
???
27.4%
???
27.4%

From the Vault

3 Hits, 1 Click: 2010s

by ghcgh

Music 9m
This quiz is rolling in the hits.
Remove Ads.
Support Sporcle.
Get the best of Sporcle when you Go Orange. This ad-free experience offers more features, more stats, and more fun while also helping to support Sporcle. Thank you for becoming a member.

Show Comments

Extras

Top Quizzes Today


Score Distribution

Your Account Isn't Verified!

In order to create a playlist on Sporcle, you need to verify the email address you used during registration. Go to your Sporcle Settings to finish the process.

Report this User

Report this user for behavior that violates our Community Guidelines.

Details: